000 00425nam a2200157Ia 4500
008 230917s9999||||xx |||||||||||||| ||und||
040 _e202962
_aMAIN
041 _aEnglish
082 _a155.5 G281C(3)
100 _aGeldard, Kathryn
245 0 _aCounselling adolescents: The proactive approach for young people
250 _a3rd ed.
260 _aLondon
_bSage Publications
_c2010
300 _ax, 307 p.
942 _cBK
999 _c173552
_d173552